[Event "Biel ATO 55th"]
[Site "Biel"]
[Date "2022.??.??"]
[Round "1"]
[White "Wanner, Stefan"]
[Black "Loeffler, Helmut"]
[Result "1-0"]
[WhiteElo "1975"]
[BlackElo "1622"]
[PlyCount "35"]
[EventDate "2022.07.13"]
[EventType "swiss"]
[EventRounds "9"]
[EventCountry "SUI"]
[SourceTitle "EXT 2024"]
[Source "ChessBase"]
[SourceDate "2023.10.10"]
[SourceVersion "1"]
[SourceVersionDate "2023.10.10"]
[SourceQuality "1"]

1. e4 c5 2. Nf3 d6 3. d4 cxd4 4. Nxd4 Nf6 5. Nc3 a6 6. Bg5 e6 7. f4 Be7 8. Qf3 e5 9. Nf5 Bxf5 10. exf5 Nc6 11. 0-0-0 e4 12. Nxe4 0-0 13. Bxf6 Bxf6 14. Rxd6 Qe7 15. Bd3 Bd4 16. f6 gxf6 17. Qh5 Kg7 18. Ng3 1-0

[Event "Zuerich op-B 31st"]
[Site "Zuerich"]
[Date "2007.??.??"]
[Round "1"]
[White "Huber, Silvan"]
[Black "Loeffler, Helmut"]
[Result "1-0"]
[WhiteElo "2021"]
[BlackElo "1758"]
[PlyCount "87"]
[EventDate "2007.12.26"]
[EventType "swiss"]
[EventRounds "7"]
[EventCountry "SUI"]
[SourceTitle "EXT 2019"]
[Source "ChessBase"]
[SourceDate "2018.10.10"]
[SourceVersion "1"]
[SourceVersionDate "2018.10.10"]
[SourceQuality "1"]

1. e4 c5 2. Nf3 d6 3. d4 cxd4 4. Nxd4 Nf6 5. Nc3 a6 6. Bg5 e6 7. Bd3 Be7 8. Qd2 b5 9. h4 h6 10. Be3 Ng4 11. g3 Bb7 12. 0-0-0 Nd7 13. f3 Nxe3 14. Qxe3 b4 15. Nce2 Qa5 16. Kb1 Rc8 17. Rhf1 Qb6 18. f4 Qc5 19. Qf2 Nf6 20. Qf3 0-0 21. g4 d5 22. e5 Ne4 23. g5 Nc3+ 24. bxc3 bxc3 25. Ka1 Rb8 26. gxh6 g6 27. Qg3 Kh7 28. h5 Rg8 29. hxg6+ Rxg6 30. Bxg6+ fxg6 31. f5 Rg8 32. f6 Bf8 33. Qxc3 Qxc3+ 34. Nxc3 Bxh6 35. Rh1 g5 36. Rh2 Bc8 37. Rdh1 Rg6 38. Nc6 Bb7 39. Nd8 Ba8 40. Nf7 d4 41. Rxh6+ Rxh6 42. Rxh6+ Kg8 43. Rh8+ Kxf7 44. Rxa8 1-0